Quizzes
Events
Quiz Creation
Community
Videos
Private Events
Remove Ads
Sign In
Join for FREE
Feedback
Dark Mode
Quiz Categories
Sports
Geography
Music
Movies
Television
Just For Fun
Miscellaneous
History
Literature
Language
Science
Gaming
Entertainment
Religion
Holiday
For Kids
Quiz Lab
Recent
Popular Today
Quiz Kudos Today
Editor Picks
Curator Picks
Quizzes by...
Day
Popularity
Type
Ratings
Length
Year
Community
Subscriptions
Recent Discussions
Orange Saloon
Badges
Playlists
Quests
Create
Leaderboards
Showdown
Live 5
Trivia Bingo
Activity
Puzzle Library
Sporcle Events
Private Events
Virtual Trivia
Globe League
Become a Host
Pub Owners
SporcleCon
Opinionation
Our Games
Videos
Blog
Mobile Apps
Partnerships
Remove Ads and Go Orange
Feedback
Sports
Athletes
MLB
NBA
NHL
NFL
Soccer
Sports Teams
WWE
NCAA
Football
Premier League
Basketball
Baseball
Hockey
Golf
Tennis
Cricket
Rugby
Auto Racing
Olympics
World Cup
Sports
Athletes
MLB
NBA
NHL
NFL
Soccer
Sports Teams
WWE
NCAA
Football
Premier League
Basketball
Baseball
Hockey
Golf
Tennis
Cricket
Rugby
Auto Racing
Olympics
World Cup
Random Quiz
Search Sporcle
×
Quiz Lab
Quiz Lab
Sports
NFL
Type in answers that appear in a list
Type in answers that appear in a list
Classic
Best Score? Go Orange.
2013 Playoff Leaders Stats
Can you name the top 5 players in each category for the 2013 playoffs?
By
sportfreak642
7m
56 Questions
55 Plays
55 Plays
55 Plays
Comments
Comments
Give Quiz Kudos
Give Quiz Kudos
-
- Ratings
hide this ad
Replay
Link that replays current quiz
Next Quiz
Link to next quiz in quiz playlist
You Got
0%
They Got
Avg Score
80%
Avg Friend Score
Upgrade to see
Score Distribution
Jump to the score distribution portion of the page
Score
0/56
Timer
07:00
0
Plays Today
Category
Players
% Correct
Passing Touchdowns
Matt Ryan
100%
Rushing Yards
Ray Rice
100%
Rushing Touchdowns
Ray Rice
100%
Passing Yards
Matt Ryan
100%
Passing Yards
Joe Flacco
98.2%
Passing Yards
Colin Kaepernick
98.2%
Passing Touchdowns
Joe Flacco
98.2%
Passing Touchdowns
Tom Brady
98.2%
Passing Touchdowns
Colin Kaepernick
98.2%
Passing Touchdowns
Russell Wilson
98.2%
Rushing Yards
Frank Gore
98.2%
Rushing Yards
Colin Kaepernick
98.2%
Rushing Touchdowns
Colin Kaepernick
98.2%
Receiving Yards
Julio Jones
98.2%
Receiving Touchdowns
Jacoby Jones
98.2%
Receiving Touchdowns
Julio Jones
98.2%
Tackles
Ray Lewis
98.2%
Passing Yards
Tom Brady
98.2%
Passing Touchdowns
Aaron Rodgers
98.2%
Passing Touchdowns
Peyton Manning
98.2%
Rushing Touchdowns
Frank Gore
98.2%
Receiving Yards
Anquan Boldin
96.4%
Receiving Yards
Vernon Davis
96.4%
Receiving Yards
Wes Welker
96.4%
Passing Yards
Matt Schaub
96.4%
Receiving Touchdowns
Anquan Boldin
96.4%
Rushing Yards
Arian Foster
94.5%
Rushing Touchdowns
Arian Foster
94.5%
Category
Players
% Correct
Receiving Yards
Michael Crabtree
94.5%
Receiving Touchdowns
Michael Crabtree
94.5%
Rushing Touchdowns
Marshawn Lynch
90.9%
Receiving Touchdowns
Tony Gonzalez
90.9%
Sacks
Terrell Suggs
89.1%
Receiving Touchdowns
Torrey Smith
85.5%
Receiving Touchdowns
Dennis Pitta
78.2%
Rushing Yards
Bernard Pierce
76.4%
Tackles
Patrick Willis
76.4%
Sacks
Clay Matthews
76.4%
Field Goals Made
David Akers
76.4%
Extra Points Made
David Akers
76.4%
Field Goals Made
Justin Tucker
69.1%
Extra Points Made
Justin Tucker
69.1%
Field Goals Made
Stephen Gostkowski
65.5%
Extra Points Made
Stephen Gostkowski
65.5%
Extra Points Made
Mason Crosby
61.8%
Field Goals Made
Matt Bryant
58.2%
Extra Points Made
Matt Bryant
58.2%
Receiving Touchdowns
Shane Vereen
49.1%
Tackles
Corey Graham
45.5%
Field Goals Made
Shayne Graham
45.5%
Sacks
Paul Kruger
43.6%
Sacks
Rob Ninkovich
34.5%
Rushing Touchdowns
DuJuan Harris
32.7%
Tackles
Cary Williams
29.1%
Tackles
Dannell Ellerbe
23.6%
Sacks
Reed Doughty
3.6%
Quiz Playlist
Details
Report
Send in Message
Add To Playlist
Classic:
Type in answers that appear in a list
Last Updated: Feb 16, 2017
Quiz Scoreboard
CHALLENGE
Sign Up to Join the Scoreboard
Show All
Scores
Hide
Comments
May contain spoilers
Recently Published
Billboard Blitz: Fleetwood Mac
by CooCooCachoo
Music
15s
Presidents Visiting Landmarks
by Hejman
History
7m
An Introduction to Baseball
by treessimontrees
Sports
5m
More to Explore
Quiz From the Vault
Featured Blog Post
Where Did the Easter Bunny Come From?
hide this ad
You Might Also Like...
Tags
Football Quiz
NFL Quiz
Passing Leaders
Passing Touchdowns
Passing Yards
Playoff
Playoff Leaders
Receiving Leaders
Receiving Yards
Rushing
Rushing Leaders
Rushing Yards
Today's Top Quizzes in Sports
Browse Sports
hide this ad
Today's Top Quizzes in NFL
Browse NFL
Top Contributed Quizzes in Sports
1
Les meilleurs buteurs des matchs entre le PSG et l’OM
2
2022 World Cup Stars
3
FIFA Club World Cup Champions
4
Les entraîneurs de l'OM et du PSG au 21e siècle
5
Name the Premier League winners with different clubs
6
5-to-1: UK Sports Teams
7
La finale Lions - Afrique du Sud 2021
8
Criteria MLB: Left Handed Sluggers
9
AFC Teams Reveal (Wrong Answers Minefield)
10
England Test cricketers to play under Nasser Hussain
Explore More
Trending Topics
Kpop
Marvel
NBA
Disney
Anime
Crossword
Harry Potter
WWE
Song
The Office
Pokémon
Puzzle
NFL
Soccer
Country
hide this ad
More By:
sportfreak642
Quiz
Plays
Rating
Category
Featured
Created
NFL Chain Game
2,041,541
3.13
Sports
Jan 3, 2013
Criteria NFL Teams
1,427,177
3.78
Sports
Oct 17, 2013
NFL Chain Game 2
318,485
2.25
Sports
Jan 4, 2013
Big 4 Teams (Redux)
186,213
3.98
Sports
Jan 13, 2013
NFL Chain Game 3
184,165
2.53
Sports
Jan 5, 2013
Go to Creator's Profile
Score Distribution
Quiz Creator Spotlight
sportfreak642
Follow
Send a Message
Quizzes Created
-
Created Quiz Play Count
-
More By This Creator
Popular Quizzes Today
1
Find the US States - No Outlines Minefield
2
Find the Countries of Europe - No Outlines Minefield
3
The Countries of the World
4
Find the US States
5
US States
6
Popular People in 1961
7
Risky Map Clicking: Biggest States A-Z
8
Movies - When Are They Set?
More Sports Quizzes
World Cup Profile: Belgium
Quiz Lab
Trending Quizzes
Risky Map Clicking: Least Populous States A-Z
1-10 Letter G Words
1-10 Letter F Words
Risky Map Clicking: Next State Alphabetically
'A' Boys' Names Grid
Recently Updated
Leaping Animals
pecheneg
Reality TV Shows (A-Z)
bhenderson79
Rickey Henderson's Hall of Fame Teammates
pecheneg
Champions League XIs: Arsenal
pecheneg
Quick Pick: Celebrities in WWE's Hall of Fame
aduchscher
A-Z Keypad Blitz II
pecheneg
Multiple Oscar Actors
pecheneg
Mystery Phrase Blitz: Oscar 'Best Actors'
pecheneg
F. Scott Fitzgerald Novels
LTH
Pick 3 Villains
ddd62291
Trending Topics
Crossword
Kpop
Anime
Harry Potter
NBA
Disney
Marvel
WWE
Pokémon
NFL
The Office
Puzzle
Song
Country
Soccer
Your Account Isn't Verified!
In order to create a playlist on Sporcle, you need to verify the email address you used during registration. Go to your
Sporcle Settings
to finish the process.
Report this User
Report this user for behavior that violates our
Community Guidelines
.
Details:
Send Report
Go to the Sporcle.com Mobile Site →
Comments